[Event "BCF-chT2 1011 (4NCL) North"]
[Site "England"]
[Date "2011.02.20"]
[Round "6"]
[White "Mounce, Richard B"]
[Black "Branson, Michael"]
[Result "1/2-1/2"]
[WhiteElo "1914"]
[BlackElo "1922"]
[PlyCount "110"]
[EventDate "2010.11.06"]
[EventType "team-swiss"]
[EventRounds "9"]
[EventCountry "ENG"]
[SourceTitle "EXT 2012"]
[Source "ChessBase"]
[SourceDate "2011.11.24"]
[SourceVersion "1"]
[SourceVersionDate "2011.11.24"]
[SourceQuality "1"]

1. e4 e5 2. Nf3 Nc6 3. Bb5 a6 4. Ba4 Nf6 5. 0-0 b5 6. Bb3 Bc5 7. Nxe5 Nxe5 8. d4 Qe7 9. dxc5 Qxc5 10. Be3 Qe7 11. Nc3 Bb7 12. Nd5 Bxd5 13. exd5 0-0 14. Re1 Rfe8 15. Bd4 Qd6 16. Qd2 c5 17. dxc6 dxc6 18. Qc3 Neg4 19. g3 Rad8 20. Rxe8+ Rxe8 21. h3 Ne4 22. Qf3 Ngf6 23. Rd1 Ng5 24. Qf5 h6 25. c3 Nd5 26. h4 Qe6 27. Qxe6 Nxe6 28. Bxd5 cxd5 29. Bb6 Rb8 30. Ba5 b4 31. cxb4 d4 32. Rd3 Rb5 33. a4 Rd5 34. Kg2 Kf8 35. Kf3 Rf5+ 36. Kg2 Rd5 37. f4 f5 38. Kf3 Kf7 39. Ke2 Kf6 40. Rb3 g5 41. hxg5+ hxg5 42. fxg5+ Kxg5 43. b5 Nc5 44. b6 Nxb3 45. b7 Re5+ 46. Kd1 Re8 47. Bc7 Nc5 48. b8Q Rxb8 49. Bxb8 Nxa4 50. Kc2 Kg4 51. b3 Nc5 52. b4 d3+ 53. Kd2 Ne4+ 54. Kxd3 Nxg3 55. Kc4 Ne4 1/2-1/2